Science Quiz

Random Science or Animal Quiz

Animals That Start with 'E' Quiz Stats

 Plays Quiz Updated Oct 21, 2017

Challenge
Share
Tweet
Score 0/12 Timer 03:00
4 Plays Today
% Correct
Elephant
99.6%
Eagle
95%
Emu
90.7%
Earthworm
90.6%
Elk
88.4%
Eel
88%
Emperor Penguin
79.3%
Egret
62.6%
Earwig
54.1%
Echidna
46.1%
Ermine
31.3%
Eland
22.1%

You're not logged in!

Compare scores with friends on all Sporcle quizzes.
OR
Log In

You Might Also Like...

Show Comments

Extras

Top Quizzes Today


Score Distribution

Your Account Isn't Verified!

In order to create a playlist on Sporcle, you need to verify the email address you used during registration. Go to your Sporcle Settings to finish the process.

Report this User

Report this user for behavior that violates our Community Guidelines.

Details: